[Event "Hessen-ch U17 Open"]
[Site "Bad Homburg"]
[Date "2013.03.27"]
[Round "4"]
[White "Reidl, Jorit"]
[Black "Hoeppner, Michael"]
[Result "0-1"]
[WhiteElo "1117"]
[BlackElo "1403"]
[PlyCount "80"]
[EventDate "2013.03.??"]
[EventType "swiss"]
[EventRounds "7"]
[EventCountry "GER"]
[SourceTitle "EXT 2014"]
[Source "ChessBase"]
[SourceDate "2013.11.20"]
[SourceVersion "1"]
[SourceVersionDate "2013.11.20"]
[SourceQuality "1"]

1. Nf3 Nf6 2. g3 d5 3. Bg2 Nc6 4. 0-0 e5 5. d3 Bd6 6. Nbd2 Qe7 7. e4 Be6 8. Rb1 0-0-0 9. a3 dxe4 10. dxe4 Kb8 11. Qe2 h6 12. h3 Qd7 13. Kh2 g5 14. Ng1 Nd4 15. Qd3 Nh5 16. c3 Nc6 17. b4 Rdf8 18. c4 f5 19. c5 Be7 20. Qc3 Nf6 21. b5 Nd4 22. a4 b6 23. c6 Qd6 24. a5 fxe4 25. axb6 cxb6 26. Bb2 Bd5 27. Rfc1 Kc7 28. Ra1 Ra8 29. Ba3 Qe6 30. Bb2 Bd6 31. Bf1 h5 32. Ra6 h4 33. Rca1 hxg3+ 34. Qxg3 Kb8 35. Qxg5 Ng4+ 36. Kh1 e3+ 37. Ndf3 Bxf3+ 38. Nxf3 Nxf2+ 39. Kg2 Qxh3+ 40. Kg1 Qh1# 0-1

[Event "Hessen-ch U17 Open"]
[Site "Bad Homburg"]
[Date "2013.03.26"]
[Round "3"]
[White "Feyll, Matthias"]
[Black "Reidl, Jorit"]
[Result "0-1"]
[WhiteElo "1240"]
[BlackElo "1117"]
[PlyCount "48"]
[EventDate "2013.03.??"]
[EventType "swiss"]
[EventRounds "7"]
[EventCountry "GER"]
[SourceTitle "EXT 2014"]
[Source "ChessBase"]
[SourceDate "2013.11.20"]
[SourceVersion "1"]
[SourceVersionDate "2013.11.20"]
[SourceQuality "1"]

1. e4 e5 2. Nf3 Nc6 3. Bc4 Nf6 4. d3 h6 5. 0-0 Bc5 6. Be3 Bb6 7. Nbd2 0-0 8. c3 d5 9. Bb5 Bg4 10. Qa4 Ne7 11. Nxe5 c6 12. Bxc6 bxc6 13. exd5 Bh5 14. dxc6 Be2 15. Rfe1 Bxd3 16. Rad1 Bf5 17. Qh4 Bxe3 18. Rxe3 Ng6 19. Nxg6 Bxg6 20. Rf3 Ne4 21. Qxd8 Raxd8 22. c7 Rd7 23. Re3 Rc8 24. Rde1 Rxd2 0-1

[Event "GER-chT U14"]
[Site "Magdeburg"]
[Date "2012.12.27"]
[Round "2.4"]
[White "Reidl, Jorit"]
[Black "Gressmann, Hanna"]
[Result "1-0"]
[WhiteElo "1058"]
[BlackElo "1436"]
[PlyCount "51"]
[EventDate "2012.12.27"]
[EventType "team-swiss"]
[EventRounds "7"]
[EventCountry "GER"]
[SourceTitle "EXT 2014"]
[Source "ChessBase"]
[SourceDate "2013.11.20"]
[SourceVersion "1"]
[SourceVersionDate "2013.11.20"]
[SourceQuality "1"]
[WhiteTeam "Langen"]
[BlackTeam "Weissensee Chemie"]
[WhiteTeamCountry "GER"]
[BlackTeamCountry "GER"]

1. Nf3 d5 2. g3 Bg4 3. Bg2 e6 4. 0-0 Nd7 5. d3 Ngf6 6. Nbd2 Be7 7. h3 Bh5 8. Qe1 0-0 9. e4 dxe4 10. dxe4 e5 11. b3 Bb4 12. Bb2 Re8 13. a3 Bc5 14. Rd1 Qe7 15. b4 Bb6 16. c4 a5 17. c5 Ba7 18. Nc4 Bxf3 19. Bxf3 Qe6 20. Nxa5 Qxh3 21. Nxb7 Reb8 22. c6 Qxg3+ 23. Kh1 Qxf3+ 24. Kg1 Qg3+ 25. Kh1 Ng4 26. fxg3 1-0

[Event "Hessen-ch U14"]
[Site "Bad Homburg"]
[Date "2012.??.??"]
[Round "7"]
[White "Reidl, Jorit"]
[Black "Grosser, Maurice"]
[Result "1/2-1/2"]
[WhiteElo "859"]
[BlackElo "1073"]
[PlyCount "128"]
[EventDate "2012.04.??"]
[EventType "swiss"]
[EventRounds "9"]
[EventCountry "GER"]
[SourceTitle "EXT 2015"]
[Source "ChessBase"]
[SourceDate "2014.11.20"]
[SourceVersion "1"]
[SourceVersionDate "2014.11.20"]
[SourceQuality "1"]

1. Nf3 Nc6 2. g3 e5 3. e4 Nf6 4. d3 h6 5. Bg2 d6 6. h3 d5 7. 0-0 Bc5 8. Nc3 d4 9. Ne2 0-0 10. c3 b6 11. Bd2 Ba6 12. Ne1 Qd6 13. a3 dxc3 14. Bxc3 Bd4 15. Kh1 Bxc3 16. bxc3 Rad8 17. c4 Bxc4 18. Nc1 a6 19. Bf3 Qd4 20. Ne2 Qb2 21. Rb1 Qxa3 22. Qc2 Bxd3 23. Nxd3 Qxd3 24. Qxd3 Rxd3 25. Bg2 a5 26. Rbc1 Nd4 27. Nxd4 Rxd4 28. f3 c5 29. Rf2 b5 30. Rxc5 Rd1+ 31. Rf1 Rxf1+ 32. Bxf1 a4 33. Rxb5 Ra8 34. Rb1 a3 35. Ra1 Nd7 36. Bb5 Nc5 37. Bc6 Ra6 38. Bd5 Nd3 39. Kh2 Nb4 40. Bb3 Kf8 41. g4 Ke7 42. Kg3 f6 43. f4 exf4+ 44. Kxf4 Nd3+ 45. Kf5 Ne5 46. h4 g6+ 47. Kf4 Nd3+ 48. Kg3 Nc5 49. Bd5 a2 50. Kf3 Ra3+ 51. Ke2 Kd6 52. Kd1 f5 53. gxf5 gxf5 54. Rxa2 Rxa2 55. Bxa2 fxe4 56. Ke2 Ke5 57. Ke3 Kf5 58. Bf7 Ne6 59. h5 Ng7 60. Bg6+ Kg5 61. Bxe4 Nxh5 62. Bc2 Nf4 63. Bd1 h5 64. Bxh5 Nxh5 1/2-1/2